| 000 | 00385nam a22001337a 4500 | ||
|---|---|---|---|
| 082 | _a346.5491 | ||
| 100 | _aQureshi, Khurram Amir | ||
| 245 |
_aAssignments on Mercantile Law / _cKhurram Amir Qureshi |
||
| 260 |
_aLahore : _bUniversity book Corner, _cN.A. |
||
| 300 |
_a299 p. ; _c21 cm. |
||
| 942 |
_2ddc _cBK |
||
| 999 |
_c587154 _d587154 |
||